000 00769nam a22002657a 4500
003 CHAP
005 20220329135354.0
008 971013s1939 r 00010 d
010 _a35246
011 _a36218
035 _a40337
040 _cCHAP
090 _aFolleto 1936
110 _aMéxico. Secretaría de Agricultura y Fomento
_977108
245 _aPrograma de labores
260 _aMéxico, D.F. :
_b(s.e.),
_c1939
300 _a45 h
590 _aBATCH-UPD
_b10
_c20130110
_lUCH01
_h1828
590 _aBATCH-UPD
_b10
_c20130410
_lUCH01
_h1200
590 _aCONVERSION
_b10
_c20130109
_lUCH01
_h1320
650 1 4 _aAgricultura
_xAspectos economicos
_zMexico.
_91312
901 _aBK
942 _cFOLL
949 _aFolleto 1936
_bBC
_cFOLL
_d-92245
_eTS1
_i40337
_si
999 _c35246
_d35246